Bài tập sức bền vật liệu : Sách dùng chung cho các trường Đại Học kĩ thuật
Sách được soạn theo chương trình chuẩn môn học sức bền vật liệu. Gồm ba phần chính: Phần đầu bài, phần giải mẫu, và phần đáp số
Zapisane w:
| Format: | Książka |
|---|---|
| Język: | Undetermined |
| Wydane: |
Hà Nội
Trường Đại học Bách khoa Hà Nội
1987
|
| Hasła przedmiotowe: | |
| Etykiety: |
Dodaj etykietę
Nie ma etykietki, Dołącz pierwszą etykiete!
|
| Thư viện lưu trữ: | Trung tâm Học liệu Trường Đại học Cần Thơ |
|---|
| LEADER | 00880nam a2200205Ia 4500 | ||
|---|---|---|---|
| 001 | CTU_16709 | ||
| 008 | 210402s9999 xx 000 0 und d | ||
| 082 | |a 620.112076 | ||
| 082 | |b B103/T2 | ||
| 245 | 0 | |a Bài tập sức bền vật liệu : | |
| 245 | 0 | |b Sách dùng chung cho các trường Đại Học kĩ thuật | |
| 245 | 0 | |c Vũ Đình Lai ...[et al.] | |
| 260 | |a Hà Nội | ||
| 260 | |b Trường Đại học Bách khoa Hà Nội | ||
| 260 | |c 1987 | ||
| 520 | |a Sách được soạn theo chương trình chuẩn môn học sức bền vật liệu. Gồm ba phần chính: Phần đầu bài, phần giải mẫu, và phần đáp số | ||
| 650 | |a Strength of materials | ||
| 650 | |x Problems, exercises | ||
| 904 | |i Minh, Năm | ||
| 980 | |a Trung tâm Học liệu Trường Đại học Cần Thơ | ||